Entorno laboral español lengua extranjera

Salvato in:
Dettagli Bibliografici
Autore principale: de Prada, Marisa
Altri autori: Marcé, Pilar
Natura: Libro
Lingua:spagnolo
Pubblicazione: Madrid Edelsa Grupo Didascalia 2017
Edizione:primera edición, edición ampliada
Soggetti:
Tags: Aggiungi Tag
Nessun Tag, puoi essere il primo ad aggiungerne!!

MARC

LEADER 00000nam a2200000 4500
001 0296263
005 20240416113610.2
020 |a 978-84-9081-606-6 
041 0 |a spa 
044 |a ES 
245 1 0 |a Entorno laboral  |b español lengua extranjera  |c Marisa de Prada, Pilar Marcé 
250 |a primera edición, edición ampliada 
264 1 |a Madrid  |b Edelsa Grupo Didascalia  |c 2017 
300 |a 223 s. 
610 2 0 |a jazyky cudzie 
610 2 0 |a španielčina 
610 2 0 |a zásoba slovná 
610 2 0 |a terminológia 
610 2 0 |a gramatika 
610 2 0 |a konverzácia 
610 2 0 |a výslovnosť 
610 2 0 |a kultúra 
610 2 0 |a reálie 
100 1 |a de Prada, Marisa 
700 1 |a Marcé, Pilar